One Direction - Chansons par ordre alphabétique - Statistiques

Statistiques générales
  • Ce quiz a été pris 172 fois
  • Le résultat moyen est 60 sur 90
Statistiques - réponses
Lettres Chansons % Correct
Chiffres 18
91%
W What Makes You Beautiful
88%
B Best Song Ever
86%
D Diana
86%
K Kiss You
86%
M Midnight Memories
86%
N Night Changes
85%
L Little Things
83%
L Live While We're Young
83%
O Olivia
83%
P Perfect
83%
Y You & I
83%
U Up All Night
79%
G Gotta Be You
78%
I I Would
78%
L Little Black Dress
78%
S Steal my Girl
78%
D Drag Me Down
77%
I I Want
77%
O One Thing
77%
F Fireproof
76%
C Clouds
75%
C C'mon, C'mon
75%
R Right Now
74%
S Story of my Life
74%
A A.M.
73%
D Don't Forget Where You Belong
73%
H History
73%
M More Than This
73%
N No Control
73%
M Moments
72%
N Na Na Na
71%
R Rock Me
70%
A Act my Age
69%
C Change Your Ticket
69%
H Half a Heart
69%
I I Wish
69%
L Love You, Goodbye
69%
T They Don't Know About Us
69%
W Wolves
69%
L Little White Lies
68%
O Over Again
68%
W Where Do Broken Hearts Go
68%
C Change My Mind
66%
I I Want to Write You a Song
66%
W Walking in the Wind
66%
A Alive
65%
E End of the Day
65%
F Fool's Gold
65%
I If I Could Fly
65%
B Better Than Words
64%
G Girl Almighty
64%
H Heart Attack
64%
R Ready to Run
64%
S Stole My Heart
64%
D Does He Know?
63%
I Irresistible
63%
O One Way or Another
63%
T Taken
63%
S Summer Love
62%
H Happily
61%
I Infinity
61%
M Magic
60%
S Strong
60%
B Back for You
59%
I Illusion
57%
E Everything About You
56%
N Never Enough
56%
L Last First Kiss
55%
S Same Mistakes
55%
S Stockholm Syndrome
55%
L Long Way Down
54%
O Once in a Lifetime
54%
A Another World
53%
H Hey Angel
53%
N Nobody Compares
53%
W Why Don't We Go There?
53%
I I Should Have Kissed You
52%
S Spaces
51%
T Through The Dark
51%
T Truly Madly Deeply
51%
W What a Feeling
51%
S Save You Tonight
50%
S She's Not Afraid
50%
S Stand Up
50%
T Temporary Fix
50%
T Tell Me a Lie
49%
L Loved You First
48%
S Still The One
48%
S Something Great
46%
Aucun quiz correspondant
Distribution des résultats
% des personnes avec chaque résultat
Percentile par nombre de réponses
Votre historique - résultats
Vous n’avez pas pris ce quiz